00253nas a2200097Ia 4500008004100000245004000041260000900081310001200090500001300102650004000115150201s2011 xx 000 0 und d aIndian Journal of Clinical Practice c2011 aMonthly aNATIONAL aOther Clinical & Non Clinical Books